Illustrated particulars, plans and conditions of sale of the valuable and highly important proeprty world-renowned and known as The White City (Shepherd's Bush Exhibition Estate), Shepherd's Bush, London, W.12...for sale by auction by Goddard and Smith in the Exhibition Hall at the Uxbridge Road entrance...on Tuesday November 7th 1922... (Record no. 116515)

MARC details
000 -LEADER
fixed length control field 00964cam a22002055a 4500
001 - CONTROL NUMBER
control field L140883
008 - FIXED-LENGTH DATA ELEMENTS--GENERAL INFORMATION
fixed length control field 071016s1922 xxk eng u
035 ## - SYSTEM CONTROL NUMBER
System control number (Sirsi) u140883
041 0# - LANGUAGE CODE
Language code of text/sound track or separate title eng
110 2# - MAIN ENTRY--CORPORATE NAME
Corporate name or jurisdiction name as entry element Goddard and Smith
9 (RLIN) 2297
245 00 - TITLE STATEMENT
Title Illustrated particulars, plans and conditions of sale of the valuable and highly important proeprty world-renowned and known as The White City (Shepherd's Bush Exhibition Estate), Shepherd's Bush, London, W.12...for sale by auction by Goddard and Smith in the Exhibition Hall at the Uxbridge Road entrance...on Tuesday November 7th 1922...
260 ## - PUBLICATION, DISTRIBUTION, ETC.
Place of publication, distribution, etc. S.l.
Name of publisher, distributor, etc. s.n.
Date of publication, distribution, etc. [1922]
300 ## - PHYSICAL DESCRIPTION
Extent 16 p.
Other physical details ill., maps
Dimensions 38 cm.
340 ## - PHYSICAL MEDIUM
Material base and configuration Printed
351 ## - ORGANIZATION AND ARRANGEMENT OF MATERIALS
Hierarchical level Single item
500 ## - GENERAL NOTE
General note Title page has been annotated in pencil with various information, including the sale price of £500 000.
651 4# - SUBJECT ADDED ENTRY--GEOGRAPHIC NAME
Geographic name London
690 ## - LOCAL SUBJECT ADDED ENTRY--TOPICAL TERM (OCLC, RLIN)
Topical term or geographic name as entry element PROPERTY-PROPERTY ACQUISITION AND DISPOSAL-ACQUISITION AND DISPOSAL AT AUCTION
942 ## - ADDED ENTRY ELEMENTS (KOHA)
Suppress in OPAC 0
Holdings
Withdrawn status Lost status Source of classification or shelving scheme Damaged status Not for loan Home library Current library Shelving location Date acquired Total Checkouts Full call number Barcode Date last seen Copy number Price effective from Koha item type
    Dewey Decimal Classification     Historic collection Historic collection Historic collection 16/10/2007   MAP CABINET DRAWER 6 30013164 06/08/2019 1 06/08/2019 Archive